000 01460nam0a2200361 4500
001 RU\NLR\BIBL_A\012337681
005 20210908092657.0
010 _a978-5-6044561-1-8
_91000
021 _aRU
_bКН-П-20-027992
_9КН-П-20-2161
035 _a(NLR Aleph) 012337681
035 _a(RuMoRGB)010336956
090 _a11503837
_c11503837
100 _a20200915d2020 d y0rusy50 ca
101 0 _arus
102 _aRU
105 _aac z 000zb
181 0 _ai
_baxxe
182 0 _an
200 1 _aИмператор Николай II как человек сильной воли
_fЕ. Е. Алферьев
203 _aТекст
_bвизуальный
_cнепосредственный
210 _aМосква
_cЦерковно-историческое общество
_d2020
215 _a221 с.
_cил., портр.
_d21
320 _aБиблиогр.: с. 213-221 и в подстроч. примеч.
333 _a12+
600 0 _aНиколай
_dII
_cимператор российский
_f1868 - 1918
_2nlr_sh1
_2nlr_sh2
_3RU\NLR\AUTH\66761509
686 1 _aТ3(2)52,022.1
700 1 _aАлферьев
_bЕ. Е.
_f1908-1986
_gЕвгений Евлампиевич
702 0 _aНиколай
_cимператор российский
_dII
_f1868-1918
_3RU\NLR\AUTH\773750
_4570
942 _cBOOK
980 _aNBR
980 _aNB